<?xml version="1.0" encoding="UTF-8"?><?xml-stylesheet type="text/xsl" href="static/style.xsl"?><OAI-PMH xmlns="http://www.openarchives.org/OAI/2.0/" xmlns:xsi="http://www.w3.org/2001/XMLSchema-instance" xsi:schemaLocation="http://www.openarchives.org/OAI/2.0/ http://www.openarchives.org/OAI/2.0/OAI-PMH.xsd"><responseDate>2026-04-17T20:10:38Z</responseDate><request verb="GetRecord" identifier="oai:riubu.ubu.es:10259/6238" metadataPrefix="marc">https://riubu.ubu.es/oai/request</request><GetRecord><record><header><identifier>oai:riubu.ubu.es:10259/6238</identifier><datestamp>2022-12-02T11:23:13Z</datestamp><setSpec>com_10259_5841</setSpec><setSpec>com_10259_5086</setSpec><setSpec>com_10259_2604</setSpec><setSpec>com_10259_6190</setSpec><setSpec>com_10259_6189</setSpec><setSpec>com_10259.4_106</setSpec><setSpec>com_10259_4438</setSpec><setSpec>com_10259_4437</setSpec><setSpec>col_10259_5842</setSpec><setSpec>col_10259_6191</setSpec><setSpec>col_10259_4439</setSpec></header><metadata><record xmlns="http://www.loc.gov/MARC21/slim" xmlns:doc="http://www.lyncode.com/xoai" xmlns:xsi="http://www.w3.org/2001/XMLSchema-instance" xmlns:dcterms="http://purl.org/dc/terms/" xsi:schemaLocation="http://www.loc.gov/MARC21/slim http://www.loc.gov/standards/marcxml/schema/MARC21slim.xsd">
<leader>00925njm 22002777a 4500</leader>
<datafield tag="042" ind1=" " ind2=" ">
<subfield code="a">dc</subfield>
</datafield>
<datafield tag="720" ind1=" " ind2=" ">
<subfield code="a">Sáiz Manzanares, María Consuelo</subfield>
<subfield code="e">author</subfield>
</datafield>
<datafield tag="720" ind1=" " ind2=" ">
<subfield code="a">Ramos Pérez, Ismael</subfield>
<subfield code="e">author</subfield>
</datafield>
<datafield tag="720" ind1=" " ind2=" ">
<subfield code="a">Arnaiz Rodríguez, Adrián</subfield>
<subfield code="e">author</subfield>
</datafield>
<datafield tag="720" ind1=" " ind2=" ">
<subfield code="a">Rodríguez Arribas, Sandra</subfield>
<subfield code="e">author</subfield>
</datafield>
<datafield tag="720" ind1=" " ind2=" ">
<subfield code="a">Almeida, Leandro</subfield>
<subfield code="e">author</subfield>
</datafield>
<datafield tag="720" ind1=" " ind2=" ">
<subfield code="a">Martin, Caroline Françoise</subfield>
<subfield code="e">author</subfield>
</datafield>
<datafield tag="260" ind1=" " ind2=" ">
<subfield code="c">2021-07</subfield>
</datafield>
<datafield tag="520" ind1=" " ind2=" ">
<subfield code="a">In recent decades, the use of technological resources such as the eye tracking methodology is providing cognitive researchers with important tools to better understand the learning process. However, the interpretation of the metrics requires the use of supervised and unsupervised learning techniques. The main goal of this study was to analyse the results obtained with the eye tracking methodology by applying statistical tests and supervised and unsupervised machine learning techniques, and to contrast the effectiveness of each one. The parameters of fixations, saccades, blinks and scan path, and the results in a puzzle task were found. The statistical study concluded that no significant differences were found between participants in solving the crossword puzzle task; significant differences were only detected in the parameters saccade amplitude minimum and saccade velocity minimum. On the other hand, this study, with supervised machine learning techniques, provided possible features for analysis, some of them different from those used in the statistical study. Regarding the clustering techniques, a good fit was found between the algorithms used (k-means ++, fuzzy k-means and DBSCAN). These algorithms provided the learning profile of the participants in three types (students over 50 years old; and students and teachers under 50 years of age). Therefore, the use of both types of data analysis is considered complementary.</subfield>
</datafield>
<datafield tag="024" ind2=" " ind1="8">
<subfield code="a">2076-3417</subfield>
</datafield>
<datafield tag="024" ind2=" " ind1="8">
<subfield code="a">http://hdl.handle.net/10259/6238</subfield>
</datafield>
<datafield tag="024" ind2=" " ind1="8">
<subfield code="a">10.3390/app11136157</subfield>
</datafield>
<datafield ind1=" " ind2=" " tag="653">
<subfield code="a">Machine learning</subfield>
</datafield>
<datafield ind1=" " ind2=" " tag="653">
<subfield code="a">Cognition</subfield>
</datafield>
<datafield ind1=" " ind2=" " tag="653">
<subfield code="a">Eye tracking</subfield>
</datafield>
<datafield ind1=" " ind2=" " tag="653">
<subfield code="a">Instance selection</subfield>
</datafield>
<datafield ind1=" " ind2=" " tag="653">
<subfield code="a">Clustering</subfield>
</datafield>
<datafield ind1=" " ind2=" " tag="653">
<subfield code="a">Information processing</subfield>
</datafield>
<datafield tag="245" ind1="0" ind2="0">
<subfield code="a">Analysis of the Learning Process through Eye Tracking Technology and Feature Selection Techniques</subfield>
</datafield>
</record></metadata></record></GetRecord></OAI-PMH>